000 00300nam a2200121Ia 4500
008 190216s9999||||xx |||||||||||||| ||und||
100 _aSaksena Sp
245 0 _aIndian Autobiographies
260 _bOxford University Press
_c1978
300 _a143p
650 _aIndian Autobiographies
942 _cREF
999 _c35357
_d35357